Más allá de la crisis : (Record no. 64200)

MARC details
000 -LEADER
campo de control de longitud fija 00667nmm a2200217Ia 4500
008 - DATOS DE LONGITUD FIJA--INFORMACIÓN GENERAL
campo de control de longitud fija 251105s9999||||xx |||||||||||||||||und||
041 ## - CÓDIGO DE IDIOMA
Código de lengua del texto/banda sonora o título independiente spa
100 ## - ENTRADA PRINCIPAL--NOMBRE DE PERSONA
Nombre de persona Cordera, Rolando
245 #0 - MENCIÓN DEL TÍTULO
Título Más allá de la crisis :
Resto del título El reclamo del desarrollo
264 ## - PRODUCCIÓN, PUBLICACIÓN, DISTRIBUCIÓN, FABRICACIÓN Y COPYRIGHT
Producción, publicación, distribución, fabricación y copyright [México D.C., Mexico] :
Nombre del de productor, editor, distribuidor, fabricante Fondo de Cultura Económica,
Fecha de producción, publicación, distribución, fabricación o copyright 2016
300 ## - DESCRIPCIÓN FÍSICA
Extensión 455 páginas
490 ## - MENCIÓN DE SERIE
Mención de serie Economía
650 ## - PUNTO DE ACCESO ADICIONAL DE MATERIA--TÉRMINO DE MATERIA
Término de materia o nombre geográfico como elemento de entrada Economics and Business
700 ## - ENTRADA AGREGADA--NOMBRE PERSONAL
Nombre de persona Cordera, Rolando
700 1# - ENTRADA AGREGADA--NOMBRE PERSONAL
Nombre de persona Navarrete, Jorge Eduardo
700 1# - ENTRADA AGREGADA--NOMBRE PERSONAL
Nombre de persona Provencio, Enrique
700 1# - ENTRADA AGREGADA--NOMBRE PERSONAL
Nombre de persona Samaniego, Norma
700 1# - ENTRADA AGREGADA--NOMBRE PERSONAL
Nombre de persona Narro Robles, José
856 ## - LOCALIZACIÓN Y ACCESO ELECTRÓNICOS
Identificador Uniforme de Recursos <a href="https://public.digitaliapublishing.com/a/64808">https://public.digitaliapublishing.com/a/64808</a>
942 ## - ELEMENTOS DE ENTRADA SECUNDARIOS (KOHA)
Tipo de ítem Koha Libro Digital

No items available.

Powered by Koha